Improving Process Performance in a Specific Enterprise

Na minha lista:
Detalhes bibliográficos
Autor principal: Potoma, Radoslav, 1992-
Outros Autores: Boltun, Erik, 1984-
Formato: Capítulo de Livro
Idioma:inglês
Assuntos:
Tags: Adicionar Tag
Sem tags, seja o primeiro a adicionar uma tag!

MARC

LEADER 00000naa$a2200000$$$4500
001 0296599
005 20240502074509.9
041 0 |a eng 
044 |a SK 
245 1 0 |a Improving Process Performance in a Specific Enterprise  |c Radoslav Potoma, Erik Boltun 
500 |a Abstrakt 
610 2 0 |a podnik 
610 2 0 |a procesy podnikové 
610 2 0 |a výkonnosť podniku 
610 2 0 |a elektrina 
610 2 0 |a legislatíva 
610 2 0 |a analýzy 
100 1 |a Potoma, Radoslav, 1992- 
700 1 |a Boltun, Erik, 1984-